=LDR 00000nam 2200000 4500 =001 INLIS000000000046681 =005 20150421132537.0 =006 =007 =008 =020 ##$$a 979-519-035-0 =035 ##$$0010-041500000000163 =040 ##$$a Ind =082 ##$$a 617.477 =090 ##$$a 617.477$b Bur b2 =100 ##$$a Burge =245 ##$$a Bedah Kulit Praktis =250 ##$$a cet.I =260 ##$$a Jakarta$b widay medika$c 1993 =300 ##$$a ix,98 hlm$c 21cm =850 ##$$a NBPDMAT =990 ##$$a 0001/BPAP-NTB/20142015